Statistics for Anne of Green Gables

Click here to take the quiz!

General Stats

  • This quiz has been taken 425 times
  • The average score is 10 of 15

Answer Stats

HintAnswer% Correct
Anne's Last NameShirley
94%
Matthew and Marilla Cuthbert's Relation?Siblings
91%
Town at which she lives in the bookAvonlea
89%
Where does she teach?Avonlea
89%
The House in which she lives?Green Gables
89%
Book Age when she arrives11
88%
Who is here Bosom Friend?Diana Barry
86%
Age when the book ends16
81%
How does Matthew die?Heart attack
80%
Province (above)Prince Edward Island
70%
Anne's Fictional NameLady Cordelia Fitzgerald
65%
Female Teacher at AvonleaMiss Stacy
40%
Where does Gilbert end up teaching?White Sands
34%
What cause him such a shock as to kill him?The Bank Fails
17%
Why is she not friends with Gilbert for 5 1/2 yrs?He calls her "carrots"
5%

Score Distribution

Percentile by Number Answered

Percent of People with Each Score

Your Score History

You have not taken this quiz